Casas latinoamericanas = Latin american houses /

Se presenta una selección de veintinueve viviendas unifamiliares, ranchos, casas de huéspedes y casas de campo de Argentina, Brasil, Chile, Colombia, Costa Rica, México, Perú, Puerto Rico y Uruguay; la mayoría construídas en la década de los años ochenta del siglo XX. De cada vivienda se presentan d...

Fuld beskrivelse

Guardado en:
Bibliografiske detaljer
Andre forfattere: Browne, Enrique (autor) (autor)
Format: Bog
Sprog:spansk
Udgivet: México : Gustavo Gili, 1994, c1994
Fag:
Tags: Tilføj Tag
Ingen Tags, Vær først til at tagge denne postø!

MARC

LEADER 00000nam^a2200000^a^4500
001 000188316
005 20250521000000.0
009 20260310102331.504
020 |a 968-887-244-X 
037 |a Acervo ITESO - Biblioteca 
041 |a ESP 
082 |a 720. 980038  |b CAS 
245 1 0 |a Casas latinoamericanas =  |b Latin american houses /  |c E. Browne... [et al.]. 
264 4 |a México :  |b Gustavo Gili,  |c 1994, c1994 
300 |a 143 p. 
336 |a texto  |b txt  |2 rdacontenido 
337 |a sin mediación  |b n  |2 rdamedio 
338 |a volumen  |b nc  |2 rdasoporte 
520 |a Se presenta una selección de veintinueve viviendas unifamiliares, ranchos, casas de huéspedes y casas de campo de Argentina, Brasil, Chile, Colombia, Costa Rica, México, Perú, Puerto Rico y Uruguay; la mayoría construídas en la década de los años ochenta del siglo XX. De cada vivienda se presentan datos de ubicación, metros cuadrados de construcción, arquitectos responsables, año de producción, planos, fotografías y una breve descripción arquitectónica. 
546 |a Edición bilingüe español-inglés 
649 |a XX 
650 |a Departamentos -  |z Latinoamérica 
650 |a Haciendas -  |z Latinoamérica 
650 |a Casas de Campo -  |z Latinoamérica 
650 |a Residencias -  |z Latinoamérica -  |x Tema Principal 
650 |a Vivienda -  |z Latinaomérica 
650 |a Arquitectura Moderna -  |z Latinoamérica -  |x Historia y Crítica 
650 |a Arquitectura Latinoamericana -  |y 1980-1989 
650 |a Arquitectura Latinoamericana -  |y Siglo XX 
650 |a Arquitectura Latinaomericana -  |x Historia y Crítica 
650 |a Arte Moderno -  |z Latinoamérica -  |x Historia y Crítica 
650 |a Arte Latinoamericano -  |y 1980-1989 
650 |a Arte Latinoamericano -  |y Siglo XX 
650 |a Arte Latinoamericano -  |x Historia y Crítica 
700 |a Browne, Enrique  |e (autor) 
910 |a Fondo Julio de la Peña Lomelín 
920 |a Impresos - Libros 
930 |a Arquitectos Jaliscienses 
905 |a 115 
901 |a 0500130812  |b IT1  |c JAL  |u 20250521 
902 |a https://opac.biblio.iteso.mx/vufind/Record/000188316